[Event "13.Città di Padova Open A"]
[Site "Padova Ex Fornace Carotta"]
[Date "2010.12.18"]
[Round "8.5"]
[White "Manca, Federico"]
[Black "Solomon, Kenny"]
[Result "0-1"]
[WhiteElo "2405"]
[BlackElo "2215"]
[Annotator "Gabriele Ballarin"]
[PlyCount "76"]
[EventDate "2010.12.12"]
[EventType "swiss"]
[EventRounds "9"]
[EventCountry "ITA"]

1. e4 d6 2. d4 Nf6 3. Nc3 e5 4. Nge2 Be7 5. g3 c6 6. a4 O-O 7. Bg2 Nbd7 8. h3 h5 9. a5 Re8 10. O-O Bf8 11. Be3 g6 12. Qd2 Bg7 13. d5 Qc7 14. Rfc1 Bf8 15. b4 cxd5 16. exd5 e4 17. Nb5 Qc4 18. Nxa7 Ne5 19. Nxc8 Raxc8 20. c3 Nxd5 21. Nd4 Nd3 22. Bf1 Bg7 23. Rc2 h4 24. g4 Kh7 25. Rd1 Nxe3 26. fxe3 Bh6 27. Kg2 Qd5 28. Ra1 Qe5 29. Ne2 Nxb4 30. cxb4 Rxc2 31. Qxc2 Qxa1 32. Qd2 Qa3 33. Qd5 Kg8 34. g5 Re5 35. Qxb7 Rxg5+ 36. Kf2 Rf5+ 37. Kg2 Qxa5 38. Qc8+ Kh7 0-1

[Event "13.Città di Padova Open A"]
[Site "Padova Ex Fornace Carotta"]
[Date "2010.12.18"]
[Round "8.6"]
[White "Dragojlovic, Andjelko"]
[Black "Gastiaburo, Hernan"]
[Result "1-0"]
[WhiteElo "2395"]
[BlackElo "2205"]
[Annotator "Gabriele Ballarin"]
[PlyCount "59"]
[EventDate "2010.12.12"]
[EventType "swiss"]
[EventRounds "9"]
[EventCountry "ITA"]

1. Nf3 c5 2. g3 Nc6 3. Bg2 g6 4. c3 e5 5. d4 cxd4 6. cxd4 e4 7. Ne5 d5 8. Nc3 Bg7 9. Nxc6 bxc6 10. O-O Ne7 11. Na4 O-O 12. b3 h6 13. Ba3 f5 14. Rc1 Rf6 15. f3 g5 16. e3 exf3 17. Bxf3 f4 18. exf4 gxf4 19. g4 h5 20. Re1 Ng6 21. gxh5 Nh4 22. Be7 Qd7 23. Bxf6 Bxf6 24. Kh1 Qh3 25. Rg1+ Kf8 26. Rc3 Bf5 27. Nc5 Re8 28. b4 Re3 29. Rxe3 fxe3 30. Rg3 1-0

[Event "13.Città di Padova Open A"]
[Site "Padova Ex Fornace Carotta"]
[Date "2010.12.18"]
[Round "8.7"]
[White "Gallo, Enrico"]
[Black "Rogulj, Branko"]
[Result "0-1"]
[WhiteElo "2093"]
[BlackElo "2403"]
[Annotator "Gabriele Ballarin"]
[PlyCount "62"]
[EventDate "2010.12.12"]
[EventType "swiss"]
[EventRounds "9"]
[EventCountry "ITA"]

1. e4 e5 2. Nf3 Nc6 3. Bb5 Bc5 4. O-O Nge7 5. c3 Bb6 6. d4 exd4 7. cxd4 d5 8. exd5 Nxd5 9. Re1+ Be6 10. Ng5 O-O 11. Bxc6 bxc6 12. Nc3 Bf5 13. Na4 Nb4 14. Nxb6 axb6 15. Re5 Bg6 16. Be3 Nd3 17. Re4 h6 18. Qxd3 hxg5 19. f3 Qd5 20. Qc3 Bxe4 21. fxe4 Qxe4 22. Bxg5 Rxa2 23. Re1 Qd5 24. Re5 Ra1+ 25. Kf2 Qd7 26. Be3 Re8 27. Rg5 f6 28. Rh5 Qe6 29. Qd3 Ra5 30. Qh7+ Kf8 31. Rh3 Qf5+ 0-1

[Event "13.Città di Padova Open A"]
[Site "Padova Ex Fornace Carotta"]
[Date "2010.12.18"]
[Round "8.8"]
[White "Binder, Andrea"]
[Black "Voiska, Margarita"]
[Result "0-1"]
[WhiteElo "1898"]
[BlackElo "2320"]
[Annotator "Gabriele Ballarin"]
[PlyCount "58"]
[EventDate "2010.12.12"]
[EventType "swiss"]
[EventRounds "9"]
[EventCountry "ITA"]

1. Nf3 d6 2. g3 e5 3. d3 Nc6 4. Bg2 g6 5. Nbd2 Bg7 6. O-O f5 7. e4 Nf6 8. c3 O-O 9. b4 a6 10. a4 f4 11. Nc4 Nh5 12. Nh4 Qe8 13. g4 Bf6 14. Nf5 gxf5 15. exf5 Ng7 16. Bd5+ Kh8 17. Nd2 Ne7 18. Bf3 d5 19. Rb1 Ngxf5 20. gxf5 Bxf5 21. Bh5 Bh3 22. Kh1 Rg8 23. Bf3 Qg6 24. Rg1 Qxd3 25. Bg2 Bxg2+ 26. Rxg2 Rxg2 27. Kxg2 e4 28. Rb3 e3 29. Nf3 Qg6+ 0-1

[Event "13.Città di Padova Open A"]
[Site "Padova Ex Fornace Carotta"]
[Date "2010.12.18"]
[Round "8.9"]
[White "Boscolo, Federico Meneguolo"]
[Black "Milazzo, Mario"]
[Result "1-0"]
[WhiteElo "2179"]
[BlackElo "2069"]
[Annotator "Gabriele Ballarin"]
[PlyCount "69"]
[EventDate "2010.12.12"]
[EventType "swiss"]
[EventRounds "9"]
[EventCountry "ITA"]

1. e4 e5 2. Nf3 Nc6 3. Bb5 a6 4. Ba4 Nf6 5. O-O Be7 6. Re1 b5 7. Bb3 O-O 8. h3 d6 9. c3 Na5 10. Bc2 c5 11. d4 Qc7 12. Nbd2 Bd7 13. Nf1 Nc4 14. b3 Nb6 15. d5 c4 16. Be3 a5 17. N3d2 cxb3 18. axb3 Rfb8 19. Rc1 a4 20. Bd3 axb3 21. Qxb3 Na4 22. Ra1 Qxc3 23. Rxa4 Qxb3 24. Rxa8 Qxd3 25. Rxb8+ Ne8 26. Ra1 b4 27. Ra7 Bb5 28. Rxe7 Kf8 29. Reb7 Ba6 30. Rxb4 f6 31. Rb3 Qe2 32. Ra3 Kf7 33. Ra8 Bd3 34. R3a7+ Kf8 35. Ng3 1-0

[Event "13.Città di Padova Open A"]
[Site "Padova Ex Fornace Carotta"]
[Date "2010.12.18"]
[Round "8.10"]
[White "De Santis, Alessio"]
[Black "Schaefer, Michael"]
[Result "1-0"]
[WhiteElo "2293"]
[BlackElo "2232"]
[Annotator "Gabriele Ballarin"]
[PlyCount "51"]
[EventDate "2010.12.12"]
[EventType "swiss"]
[EventRounds "9"]
[EventCountry "ITA"]

1. b3 d5 2. Bb2 c5 3. e3 Nc6 4. Nf3 f6 5. d4 cxd4 6. exd4 e6 7. c4 Bd6 8. Nc3 Nge7 9. Bd3 Bf4 10. O-O O-O 11. Re1 Kh8 12. Qe2 Bd7 13. Rad1 Qc7 14. g3 Bh6 15. cxd5 Nxd5 16. Qe4 f5 17. Nxd5 exd5 18. Qxd5 Nb4 19. Qc4 Qb6 20. Ne5 Be6 21. Ng6+ hxg6 22. Rxe6 Nxd3 23. Rxd3 Qa5 24. d5 Kh7 25. Qd4 Bg5 26. Qxg7# 1-0

[Event "13.Città di Padova Open A"]
[Site "Padova Ex Fornace Carotta"]
[Date "2010.12.18"]
[Round "8.11"]
[White "Zordan, Antonio"]
[Black "Zuttioni, Federico"]
[Result "1-0"]
[WhiteElo "1778"]
[BlackElo "1968"]
[Annotator "Gabriele Ballarin"]
[PlyCount "93"]
[EventDate "2010.12.12"]
[EventType "swiss"]
[EventRounds "9"]
[EventCountry "ITA"]

1. e4 e5 2. Nf3 Nc6 3. Bc4 Bc5 4. c3 Nf6 5. d4 exd4 6. cxd4 Bb4+ 7. Bd2 Bxd2+ 8. Nbxd2 d5 9. exd5 Nxd5 10. O-O O-O 11. Rc1 Bf5 12. Nb3 Rb8 13. Ne5 Nce7 14. Qf3 c6 15. Rfd1 Nb6 16. Nxf7 Qc7 17. Nh6+ Kh8 18. Nf7+ Kg8 19. Nh6+ Kh8 20. Nf7+ Rxf7 21. Bxf7 Rf8 22. Be6 Qd6 23. Nc5 Nbd5 24. g4 b6 25. gxf5 bxc5 26. dxc5 Qxe6 27. fxe6 Rxf3 28. Rc4 Rf6 29. Re1 h6 30. Ra4 Nc8 31. Rxa7 Nce7 32. a4 Kh7 33. a5 Rf4 34. b3 Rf3 35. Rb7 Kg6 36. a6 Kf5 37. a7 Ng6 38. Rf7+ Nf6 39. Rxf6+ gxf6 40. a8=Q Nf4 41. Qxc6 Rxb3 42. Qe4+ Kg5 43. h4+ Kg4 44. Qxf4+ Kxf4 45. e7 f5 46. e8=Q h5 47. Qe5+ 1-0

[Event "13.Città di Padova Open A"]
[Site "Padova Ex Fornace Carotta"]
[Date "2010.12.18"]
[Round "8.12"]
[White "Bondielli, Giorgio"]
[Black "Santolini, Luigi"]
[Result "0-1"]
[WhiteElo "1872"]
[BlackElo "2235"]
[Annotator "Gabriele Ballarin"]
[PlyCount "62"]
[EventDate "2010.12.12"]
[EventType "swiss"]
[EventRounds "9"]
[EventCountry "ITA"]

1. e4 c6 2. d4 d5 3. Nc3 dxe4 4. Nxe4 Bf5 5. Ng3 Bg6 6. N1e2 e6 7. Nf4 Bd6 8. Bc4 Nf6 9. O-O Qc7 10. Nd3 Nbd7 11. Be3 h5 12. h3 Nb6 13. Bb3 Nbd5 14. Bxd5 Nxd5 15. Qd2 Bxg3 16. fxg3 Bxd3 17. Qxd3 Qxg3 18. Rf3 Qc7 19. Bd2 O-O-O 20. Qa3 Qb6 21. c3 f6 22. Kh1 Rhe8 23. Rd1 Ne7 24. Be3 Nf5 25. Bf2 Rd5 26. b4 a5 27. Rb1 axb4 28. Rxb4 Ra5 29. Qb2 Qa6 30. Rb6 Rxa2 31. Rxa6 Rxb2 0-1

[Event "13.Città di Padova Open A"]
[Site "Padova Ex Fornace Carotta"]
[Date "2010.12.18"]
[Round "8.13"]
[White "Valenti, Giuseppe"]
[Black "Giuriato, Sergio"]
[Result "1-0"]
[WhiteElo "2122"]
[BlackElo "1934"]
[Annotator "Gabriele Ballarin"]
[PlyCount "69"]
[EventDate "2010.12.12"]
[EventType "swiss"]
[EventRounds "9"]
[EventCountry "ITA"]

1. f4 d5 2. Nf3 Nf6 3. e3 g6 4. b3 Bg7 5. Bb2 O-O 6. Be2 c5 7. O-O b6 8. Ne5 Bb7 9. d3 Nfd7 10. Nd2 f6 11. Ng4 f5 12. Ne5 Nxe5 13. fxe5 Nc6 14. d4 cxd4 15. exd4 Qd7 16. Nf3 Nd8 17. Qe1 Ne6 18. Qh4 h6 19. Bc1 g5 20. Qf2 b5 21. Bd3 b4 22. h4 f4 23. hxg5 hxg5 24. Nh4 f3 25. Nxf3 Nf4 26. Bxf4 Rxf4 27. Qg3 Qg4 28. Qh2 Rxf3 29. Qh7+ Kf8 30. Rxf3+ Ke8 31. Bb5+ Kd8 32. Rd1 Bxe5 33. Rf8+ Kc7 34. Qxe7+ Kb6 35. Qc5+ 1-0

[Event "13.Città di Padova Open A"]
[Site "Padova Ex Fornace Carotta"]
[Date "2010.12.18"]
[Round "8.14"]
[White "Isatto, Davide"]
[Black "Teodonio, Fabrizio"]
[Result "1-0"]
[WhiteElo "1931"]
[BlackElo "2002"]
[Annotator "Gabriele Ballarin"]
[PlyCount "56"]
[EventDate "2010.12.12"]
[EventType "swiss"]
[EventRounds "9"]
[EventCountry "ITA"]

1. d4 Nf6 2. c4 g6 3. Nc3 Bg7 4. e4 d6 5. Nf3 O-O 6. Be2 e5 7. d5 Na6 8. O-O Nc5 9. Nd2 a5 10. b3 Ne8 11. Bb2 f5 12. f3 f4 13. Rc1 Nf6 14. a3 Nh5 15. b4 axb4 16. axb4 Na6 17. Ba3 Qg5 18. Nb5 Bh3 19. Rf2 Bd7 20. Qb3 b6 21. c5 bxc5 22. bxc5 Rfb8 23. c6 Bc8 24. Qc3 Ng3 25. Bd3 Nf5 26. exf5 e4 27. Nxe4 Bxc3 28. Nxg5 Bd2 1-0

[Event "13.Città di Padova Open A"]
[Site "Padova Ex Fornace Carotta"]
[Date "2010.12.18"]
[Round "8.15"]
[White "Litrico, Paolo"]
[Black "Militello, Michele"]
[Result "1-0"]
[WhiteElo "1946"]
[BlackElo "1817"]
[Annotator "Gabriele Ballarin"]
[PlyCount "41"]
[EventDate "2010.12.12"]
[EventType "swiss"]
[EventRounds "9"]
[EventCountry "ITA"]

1. d4 d6 2. Nf3 Nf6 3. Nc3 Nbd7 4. e4 e5 5. g4 exd4 6. Nxd4 Ne5 7. g5 Nfd7 8. f4 Nc6 9. Be3 Nb6 10. Qf3 Bd7 11. O-O-O Qe7 12. Bg2 a6 13. Rhe1 Be6 14. Nd5 Qd7 15. Nxb6 Nxd4 16. Bxd4 cxb6 17. f5 Bxa2 18. e5 Kd8 19. Bxb6+ Kc8 20. exd6 f6 21. Re8+ 1-0

[Event "13.Città di Padova Open A"]
[Site "Padova Ex Fornace Carotta"]
[Date "2010.12.18"]
[Round "8.16"]
[White "Antoniacci, Ricardo"]
[Black "Di Lazzaro, Gabriele"]
[Result "1/2-1/2"]
[WhiteElo "1923"]
[BlackElo "1901"]
[Annotator "Gabriele Ballarin"]
[PlyCount "24"]
[EventDate "2010.12.12"]
[EventType "swiss"]
[EventRounds "9"]
[EventCountry "ITA"]

1. b4 e5 2. Bb2 Bxb4 3. Bxe5 Nf6 4. Nf3 Nc6 5. Bb2 d6 6. g3 O-O 7. Bg2 Bg4 8. h3 Bf5 9. Nh4 Be6 10. Nc3 Re8 11. O-O Rb8 12. f4 Bc5+ 1/2-1/2

[Event "13.Città di Padova Open A"]
[Site "Padova Ex Fornace Carotta"]
[Date "2010.12.18"]
[Round "8.17"]
[White "De Marchi, Alessandro"]
[Black "Franco, Alessandro P"]
[Result "0-1"]
[WhiteElo "1666"]
[BlackElo "1906"]
[Annotator "Gabriele Ballarin"]
[PlyCount "52"]
[EventDate "2010.12.12"]
[EventType "swiss"]
[EventRounds "9"]
[EventCountry "ITA"]

1. d4 Nf6 2. c4 e6 3. Nf3 c5 4. Nc3 Be7 5. g3 O-O 6. Bg2 Nc6 7. O-O d5 8. cxd5 exd5 9. Bg5 Re8 10. Rc1 Be6 11. Na4 c4 12. b3 cxb3 13. axb3 Rc8 14. Nc5 Qb6 15. Nxe6 fxe6 16. Bh3 Ba3 17. Rb1 Ne4 18. Qd3 Nb4 19. Qe3 Rf8 20. Ne5 Rc3 21. Nd3 Nc2 22. Nc5 Nxe3 23. Bxe6+ Kh8 24. fxe3 Rxf1+ 25. Rxf1 Bxc5 26. dxc5 Qxc5 0-1

[Event "13.Città di Padova Open A"]
[Site "Padova Ex Fornace Carotta"]
[Date "2010.12.18"]
[Round "8.18"]
[White "Bozzao, Francesco"]
[Black "Lodi, Paolo"]
[Result "1-0"]
[WhiteElo "1881"]
[BlackElo "1641"]
[Annotator "Gabriele Ballarin"]
[PlyCount "50"]
[EventDate "2010.12.12"]
[EventType "swiss"]
[EventRounds "9"]
[EventCountry "ITA"]

1. e4 e6 2. d4 d5 3. Nd2 Nf6 4. e5 Nfd7 5. Bd3 c5 6. c3 Nc6 7. Ne2 Qb6 8. Nf3 cxd4 9. cxd4 f6 10. exf6 Nxf6 11. O-O Bd6 12. Re1 O-O 13. a3 Bd7 14. Nc3 a6 15. Na4 Qc7 16. Bg5 Rae8 17. Rc1 Qb8 18. Nb6 Bc8 19. Bxf6 Rxf6 20. Nxd5 Rxf3 21. Qxf3 Rf8 22. Qh5 h6 23. Nb6 Qc7 24. Nxc8 Qxc8 25. d5 Ne7 1-0

[Event "13.Città di Padova Open A"]
[Site "Padova Ex Fornace Carotta"]
[Date "2010.12.18"]
[Round "8.19"]
[White "Traversi, Carlo"]
[Black "Zanini, Andrea"]
[Result "1/2-1/2"]
[WhiteElo "1652"]
[BlackElo "1687"]
[Annotator "Gabriele Ballarin"]
[PlyCount "63"]
[EventDate "2010.12.12"]
[EventType "swiss"]
[EventRounds "9"]
[EventCountry "ITA"]

1. e4 d5 2. exd5 Nf6 3. Bb5+ Bd7 4. Bxd7+ Qxd7 5. Nc3 Nxd5 6. Nxd5 Qxd5 7. Nf3 Nc6 8. O-O e6 9. d4 O-O-O 10. Be3 Bd6 11. b3 h6 12. c4 Qh5 13. c5 Be7 14. Ne5 Qxd1 15. Rfxd1 Nxe5 16. dxe5 Rd5 17. Rxd5 exd5 18. Bd4 Re8 19. f4 h5 20. Kf2 f6 21. b4 c6 22. Rb1 a6 23. a4 Kc7 24. a5 Kd7 25. Kf3 Ke6 26. h3 f5 27. Rg1 Rg8 28. g4 hxg4+ 29. hxg4 Rh8 30. g5 Rh3+ 31. Rg3 Rh1 32. Rg1 1/2-1/2

[Event "13.Città di Padova Open A"]
[Site "Padova Ex Fornace Carotta"]
[Date "2010.12.19"]
[Round "9.1"]
[White "Dragojlovic, Andjelko"]
[Black "Zaja, Ivan"]
[Result "1/2-1/2"]
[WhiteElo "2395"]
[BlackElo "2489"]
[Annotator "Gabriele Ballarin"]
[PlyCount "21"]
[EventDate "2010.12.12"]
[EventType "swiss"]
[EventRounds "9"]
[EventCountry "ITA"]

1. e4 e6 2. d3 d5 3. Nd2 c5 4. Ngf3 Nc6 5. g3 g6 6. Bg2 Bg7 7. O-O Nge7 8. h4 h6 9. Re1 b6 10. c3 Bb7 11. e5 1/2-1/2

[Event "13.Città di Padova Open A"]
[Site "Padova Ex Fornace Carotta"]
[Date "2010.12.19"]
[Round "9.2"]
[White "Lazic, Miroljub"]
[Black "Laketic, Gojko"]
[Result "1/2-1/2"]
[WhiteElo "2480"]
[BlackElo "2459"]
[Annotator "Gabriele Ballarin"]
[PlyCount "40"]
[EventDate "2010.12.12"]
[EventType "swiss"]
[EventRounds "9"]
[EventCountry "ITA"]

1. e4 d6 2. d4 Nf6 3. Nc3 e5 4. Nge2 c6 5. a4 h5 6. h3 h4 7. Be3 a5 8. Ng1 Be7 9. Nf3 Nbd7 10. Be2 Nh7 11. O-O O-O 12. Qd2 Qc7 13. Nh2 Re8 14. Bc4 exd4 15. Bxd4 Nc5 16. Rfe1 Be6 17. Bxe6 Nxe6 18. Be3 Nc5 19. Ng4 Nf6 20. Nxf6+ Bxf6 1/2-1/2

[Event "13.Città di Padova Open A"]
[Site "Padova Ex Fornace Carotta"]
[Date "2010.12.19"]
[Round "9.3"]
[White "Solomon, Kenny"]
[Black "Genocchio, Daniele"]
[Result "0-1"]
[WhiteElo "2215"]
[BlackElo "2433"]
[Annotator "Gabriele Ballarin"]
[PlyCount "76"]
[EventDate "2010.12.12"]
[EventType "swiss"]
[EventRounds "9"]
[EventCountry "ITA"]

1. Nf3 g6 2. d4 Bg7 3. e4 d6 4. Bd3 Nf6 5. O-O O-O 6. c3 Nc6 7. Re1 e5 8. d5 Ne7 9. c4 Nh5 10. Nc3 Kh8 11. Rb1 Ng8 12. b4 Bh6 13. Bb2 Nf4 14. Bf1 f5 15. c5 Nf6 16. Nd2 Ng4 17. g3 Nh5 18. exf5 gxf5 19. Nc4 a6 20. Bg2 Rg8 21. Qe2 Nf4 22. gxf4 Bxf4 23. h3 Qh4 24. hxg4 Rxg4 25. f3 Bh2+ 26. Kf1 Rxc4 27. cxd6 cxd6 28. Ne4 Rxe4 29. fxe4 fxe4 30. Qxe4 Bg4 31. Re3 Rf8+ 32. Rf3 Bf4 33. Rf2 Bf5 34. Qe2 Bxb1 35. a3 Qg3 36. Rf3 Qg6 37. Kg1 Be4 38. Rf1 Bxg2 0-1

[Event "13.Città di Padova Open A"]
[Site "Padova Ex Fornace Carotta"]
[Date "2010.12.19"]
[Round "9.4"]
[White "Naumkin, Igor"]
[Black "De Santis, Alessio"]
[Result "1-0"]
[WhiteElo "2506"]
[BlackElo "2293"]
[Annotator "Gabriele Ballarin"]
[PlyCount "115"]
[EventDate "2010.12.12"]
[EventType "swiss"]
[EventRounds "9"]
[EventCountry "ITA"]

1. d4 Nf6 2. Nf3 b6 3. c4 e6 4. g3 Bb7 5. Bg2 Be7 6. Nc3 Ne4 7. Bd2 O-O 8. d5 Nxd2 9. Qxd2 exd5 10. cxd5 a5 11. O-O Na6 12. Nd4 Nc5 13. Rad1 Re8 14. Qc2 g6 15. Ndb5 d6 16. b3 Qd7 17. Nd4 Bf6 18. a3 Bg7 19. Rd2 Re7 20. e3 h5 21. h4 Qe8 22. Re1 Kh8 23. b4 axb4 24. axb4 Bxd4 25. Rxd4 Nd7 26. Ne4 Ne5 27. Qc3 Qa4 28. Rdd1 Qa3 29. Qd4 Kh7 30. Ra1 Qd3 31. Rxa8 Bxa8 32. Ra1 Bb7 33. Qxd3 Nxd3 34. Ra7 Bc8 35. Nxd6 Bg4 36. Ne4 Nxb4 37. d6 Rxe4 38. Bxe4 cxd6 39. Rxf7+ Kh6 40. Rf6 Kg7 41. Rxg6+ Kf7 42. Rxd6 Na6 43. Rxb6 Nc5 44. Bd5+ Ke7 45. f3 Be6 46. Bxe6 Nxe6 47. Rb5 Ng7 48. g4 hxg4 49. fxg4 Kf6 50. Kg2 Ne6 51. Kg3 Kf7 52. g5 Nf8 53. h5 Ne6 54. Kg4 Kg7 55. Kf5 Nf8 56. h6+ Kh7 57. Rb8 Nd7 58. Rb7 1-0

[Event "13.Città di Padova Open A"]
[Site "Padova Ex Fornace Carotta"]
[Date "2010.12.19"]
[Round "9.5"]
[White "Rogulj, Branko"]
[Black "Collutiis, Duilio"]
[Result "1/2-1/2"]
[WhiteElo "2403"]
[BlackElo "2473"]
[Annotator "Gabriele Ballarin"]
[PlyCount "30"]
[EventDate "2010.12.12"]
[EventType "swiss"]
[EventRounds "9"]
[EventCountry "ITA"]

1. e4 e5 2. Nf3 Nc6 3. Bb5 Nf6 4. O-O Nxe4 5. d4 Nd6 6. Bxc6 dxc6 7. dxe5 Nf5 8. Qxd8+ Kxd8 9. Nc3 h6 10. Rd1+ Ke8 11. h3 a5 12. Bf4 Be6 13. g4 Ne7 14. Bg3 Nd5 15. Ne2 c5 1/2-1/2

[Event "13.Città di Padova Open A"]
[Site "Padova Ex Fornace Carotta"]
[Date "2010.12.19"]
[Round "9.6"]
[White "Voiska, Margarita"]
[Black "Kizov, Atanas"]
[Result "0-1"]
[WhiteElo "2320"]
[BlackElo "2374"]
[Annotator "Gabriele Ballarin"]
[PlyCount "98"]
[EventDate "2010.12.12"]
[EventType "swiss"]
[EventRounds "9"]
[EventCountry "ITA"]

1. d4 Nf6 2. c4 g6 3. Nc3 Bg7 4. e4 d6 5. h3 O-O 6. Nf3 Na6 7. Be3 Qe8 8. Be2 e5 9. dxe5 dxe5 10. O-O b6 11. Qc2 Bb7 12. a3 c6 13. b4 Qe7 14. Rfd1 Nd7 15. Rd2 Rfd8 16. Rad1 Nc7 17. Bg5 f6 18. Be3 Ne6 19. Bf1 c5 20. Nd5 Bxd5 21. cxd5 Nd4 22. Bxd4 cxd4 23. Qb3 Kh8 24. Rc2 Bh6 25. h4 a5 26. g3 axb4 27. axb4 Ra7 28. Bh3 Rda8 29. Kg2 Bf8 30. Rc6 Kg7 31. h5 Qxb4 32. Qxb4 Bxb4 33. Bxd7 Rxd7 34. Rxb6 Bc3 35. Nh2 f5 36. exf5 gxf5 37. Nf3 Re8 38. d6 Kf6 39. Ng1 Re6 40. Ne2 Ba5 41. Ra6 Bb4 42. f3 Rexd6 43. Rxd6+ Rxd6 44. g4 Rc6 45. Ng3 Rc2+ 46. Kh3 Rf2 47. Rd3 fxg4+ 48. fxg4 Rf4 49. h6 Kg5 0-1

[Event "13.Città di Padova Open A"]
[Site "Padova Ex Fornace Carotta"]
[Date "2010.12.19"]
[Round "9.7"]
[White "Gastiaburo, Hernan"]
[Black "Boscolo, Federico Meneguolo"]
[Result "1/2-1/2"]
[WhiteElo "2205"]
[BlackElo "2179"]
[Annotator "Gabriele Ballarin"]
[PlyCount "30"]
[EventDate "2010.12.12"]
[EventType "swiss"]
[EventRounds "9"]
[EventCountry "ITA"]

1. c4 Nf6 2. Nc3 g6 3. e4 d6 4. d4 Bg7 5. Nf3 O-O 6. Be2 e5 7. Be3 exd4 8. Nxd4 Re8 9. f3 c6 10. Qc2 d5 11. cxd5 cxd5 12. O-O Nc6 13. Rad1 Nxd4 14. Bxd4 dxe4 15. Bc4 Be6 1/2-1/2

[Event "13.Città di Padova Open A"]
[Site "Padova Ex Fornace Carotta"]
[Date "2010.12.19"]
[Round "9.8"]
[White "Mrdja, Milan"]
[Black "Manca, Federico"]
[Result "1/2-1/2"]
[WhiteElo "2418"]
[BlackElo "2405"]
[Annotator "Gabriele Ballarin"]
[PlyCount "28"]
[EventDate "2010.12.12"]
[EventType "swiss"]
[EventRounds "9"]
[EventCountry "ITA"]

1. e4 e5 2. Nf3 Nc6 3. Bb5 a6 4. Ba4 Nf6 5. O-O Be7 6. Re1 b5 7. Bb3 d6 8. c3 O-O 9. h3 Na5 10. Bc2 c5 11. d4 Qc7 12. d5 c4 13. Nbd2 Nd7 14. Nf1 Nc5 1/2-1/2

[Event "13.Città di Padova Open A"]
[Site "Padova Ex Fornace Carotta"]
[Date "2010.12.19"]
[Round "9.9"]
[White "Zordan, Antonio"]
[Black "Valenti, Giuseppe"]
[Result "0-1"]
[WhiteElo "1778"]
[BlackElo "2122"]
[Annotator "Gabriele Ballarin"]
[PlyCount "96"]
[EventDate "2010.12.12"]
[EventType "swiss"]
[EventRounds "9"]
[EventCountry "ITA"]

1. e4 d6 2. d4 Nf6 3. Bd3 e5 4. Ne2 g6 5. Be3 Ng4 6. Bd2 exd4 7. Nxd4 Bg7 8. c3 Ne5 9. Be2 c5 10. Nf3 Nbc6 11. Na3 O-O 12. Nc4 d5 13. exd5 Qxd5 14. Ne3 Nd3+ 15. Kf1 Qd8 16. Qc2 Nf4 17. Rd1 Nxe2 18. Kxe2 b6 19. Rhe1 Ba6+ 20. c4 Nd4+ 21. Nxd4 cxd4 22. Bb4 Re8 23. Kf1 Qc8 24. Kg1 dxe3 25. fxe3 Qxc4 26. Qa4 Bb7 27. Rd2 a5 28. Qd7 Qxb4 29. Rf1 Re7 30. Qd6 Qxd6 31. Rxd6 b5 32. Rb6 Ba6 33. Rd1 Bxb2 34. Kf2 b4 35. Rd5 Bc4 36. Rc5 Bxa2 37. Rc2 b3 38. Rxb2 a4 39. Rd2 a3 40. Ke2 b2 41. Rd1 Bc4+ 42. Kf2 a2 43. Rxb2 a1=Q 44. Rdd2 Qf1+ 45. Kg3 Rxe3+ 46. Kg4 Qf5+ 47. Kh4 Qf4+ 48. g4 Qh6# 0-1

[Event "13.Città di Padova Open A"]
[Site "Padova Ex Fornace Carotta"]
[Date "2010.12.19"]
[Round "9.10"]
[White "Santolini, Luigi"]
[Black "Litrico, Paolo"]
[Result "1-0"]
[WhiteElo "2235"]
[BlackElo "1946"]
[Annotator "Gabriele Ballarin"]
[PlyCount "119"]
[EventDate "2010.12.12"]
[EventType "swiss"]
[EventRounds "9"]
[EventCountry "ITA"]

1. d4 f5 2. Bg5 Nf6 3. Bxf6 exf6 4. e3 d5 5. c4 Bb4+ 6. Nc3 O-O 7. Qb3 Bxc3+ 8. bxc3 c6 9. cxd5 cxd5 10. g3 Qa5 11. Bg2 Be6 12. Ne2 Nd7 13. Nf4 Bf7 14. Bxd5 Rac8 15. Bxf7+ Rxf7 16. Rc1 Nb6 17. O-O Nc4 18. Rfd1 g5 19. Nd3 Qd5 20. Nb2 h5 21. Nxc4 Rxc4 22. Qc2 h4 23. Qe2 g4 24. gxh4 Rh7 25. Qf1 Rxh4 26. Qg2 Qa5 27. Qxb7 Rc7 28. Qb8+ Kg7 29. Rb1 Kg6 30. Rb7 Rxb7 31. Qxb7 Qxa2 32. Qc6 Rh7 33. c4 Qe2 34. Rc1 a5 35. Qg2 Qb2 36. Qf1 Qb8 37. Qg2 Qb2 38. Re1 Qb4 39. Rc1 Qb2 40. Rf1 a4 41. f3 a3 42. Qxb2 axb2 43. Rb1 Rb7 44. c5 Kf7 45. Kg2 Ke6 46. Kg3 Kd5 47. fxg4 fxg4 48. Kxg4 Ke4 49. c6 Rg7+ 50. Kh5 Rh7+ 51. Kg6 Rxh2 52. Kxf6 Rh6+ 53. Ke7 Rxc6 54. Rxb2 Rh6 55. Rg2 Kxe3 56. d5 Ke4 57. d6 Rh7+ 58. Kd8 Ke5 59. d7 Kd6 60. Rg6+ 1-0

[Event "13.Città di Padova Open A"]
[Site "Padova Ex Fornace Carotta"]
[Date "2010.12.19"]
[Round "9.11"]
[White "Isatto, Davide"]
[Black "Gallo, Enrico"]
[Result "1/2-1/2"]
[WhiteElo "1931"]
[BlackElo "2093"]
[Annotator "Gabriele Ballarin"]
[PlyCount "66"]
[EventDate "2010.12.12"]
[EventType "swiss"]
[EventRounds "9"]
[EventCountry "ITA"]

1. d4 Nf6 2. c4 c5 3. d5 e6 4. Nc3 exd5 5. cxd5 d6 6. Nf3 g6 7. h3 Bg7 8. e4 O-O 9. Bd3 Re8 10. O-O c4 11. Bb1 b5 12. Nxb5 Nxe4 13. Re1 Bd7 14. Bxe4 Bxb5 15. Nd4 Bd7 16. Nc6 Qc7 17. Bf4 Bxb2 18. Rb1 Bc3 19. Re3 Bg7 20. Rb4 c3 21. Rc4 Nxc6 22. dxc6 Be6 23. Bd5 Rad8 24. Bg5 Rb8 25. Rd3 c2 26. Qf3 Rb1+ 27. Kh2 Bf5 28. Rb3 Be5+ 29. g3 Qa5 30. Rxc2 Qe1 31. Rxb1 Qxb1 32. Rc1 Qb2 33. c7 Rf8 1/2-1/2

[Event "13.Città di Padova Open A"]
[Site "Padova Ex Fornace Carotta"]
[Date "2010.12.19"]
[Round "9.12"]
[White "Milazzo, Mario"]
[Black "Binder, Andrea"]
[Result "1-0"]
[WhiteElo "2069"]
[BlackElo "1898"]
[Annotator "Gabriele Ballarin"]
[PlyCount "103"]
[EventDate "2010.12.12"]
[EventType "swiss"]
[EventRounds "9"]
[EventCountry "ITA"]

1. c4 Nf6 2. Nc3 g6 3. g3 Bg7 4. Bg2 d6 5. e4 e5 6. Nge2 Nbd7 7. O-O h5 8. h4 O-O 9. d3 c6 10. Bg5 Qb6 11. Rb1 a5 12. Be3 Qc7 13. f3 Nc5 14. d4 exd4 15. Nxd4 Re8 16. Qd2 Nfd7 17. b3 Ne5 18. Rfd1 Ne6 19. Nce2 Nxd4 20. Bxd4 Bf8 21. Nf4 Qe7 22. Qf2 Kh7 23. Bh3 Bxh3 24. Nxh3 Bh6 25. Kg2 Kg8 26. Bc3 Qc7 27. f4 Ng4 28. Qd4 f6 29. Nf2 Nxf2 30. Kxf2 Re6 31. Rd3 Kh7 32. Re1 Rae8 33. c5 d5 34. exd5 Rxe1 35. Bxe1 cxd5 36. Qxd5 Qe7 37. Qd7 Bf8 38. Bxa5 Qxd7 39. Rxd7+ Kg8 40. b4 Rb8 41. Rd8 Rxd8 42. Bxd8 Kf7 43. Ke3 Ke6 44. Ke4 f5+ 45. Kd4 Bg7+ 46. Kc4 Kd7 47. Ba5 Bb2 48. b5 Bc1 49. Be1 Ba3 50. Bf2 Ke6 51. Be3 Kd7 52. Kb3 1-0